000 00266nam a22001097a 4500
082 _a540
_bVER/C
100 _aVERMA & VERMA
245 _aPIONEER CHEMISTRY
_bCLASS XII
260 _aDELHI
_bDHANPAT RAI & CO
_c2004
650 _aCHEMISTRY FOR CLASS XII
_zINDIA
942 _cBK
999 _c715
_d715